000 00366nam a22001697a 4500
003 NUST
020 _a9789673498178
038 _aKhadija
082 _a006.3
_bLUG
100 _aLuger
_991511
245 _aArtificial Intelligence /
_cGeorge F Luger
250 _a5th
260 _aMalaysia
_bPearson
_c2020
300 _ap903
563 _aPB
942 _2ddc
_cBK
999 _c589938
_d589938